01377nam a2200313 a 450000100100000000500170001000800410002702000180006804000250008608200190011110000390013024500940016926000380026330000230030149000120032450400320033650000700036859000260043865000370046465000290050165000330053071000560056383000190061991000380063895201310067695201170080795201220092499900170104600004355820250603120043.0140325s2013 dr r 000 0 spa d a9789945412840 aDO-SdBNPbspacBNPHU a341.753bS211i1 aSánchez Lorenzo, Sixto A.97135610aIntroducción al derecho de los contratos internacionales /cSixto A. Sánchez Lorenzo. aSanto Domingo :bFUNGLODE,c2013. a[215] p. ;c24 cm.1 aDerecho aBibliografía : p. 202-215 aIncluye datos biográficos del autor en la solapa de la cubierta aInventariado, 2018/BT 4aContratos internacionales971357 0aDerecho mercantil944865 0aDerecho internacional 9325822aFundación Global Democracía y Desarrollo925477 0aDerecho911855 aValidado. Control de calidad. MFF 001054708DSaGRbGRcHDd2014-03-25iLF1l0o341.753 S211ip43558-30r2020-06-25te.3w2020-06-25yLFDSZPréstamo en sala 0010718PDaPDbPDcHDd2014-03-25iLF1l0o341.753 S211ip43558-10r2020-06-25w2020-06-25yLFPDZNo se presta 0010718PDaPDbPDcHDd2014-03-25iLF1l0o341.753 S211ip43558-20r2020-06-25te.2w2020-06-25yLFPDZNo se presta c43047d43047